000 00790nam a22001937a 4500
999 _c370735
_d370735
008 201130b ||||| |||| 00| 0 eng d
040 _bger
_cDE-2950
_erda
_aDE-2950
041 _ager
100 _aGutke, Thomas:
245 _aEinsatzkräfte aus Frankfurt helfen im Katstrophengebiet.
_bHochwasser: sechs Feuerwehrleute aus der Oderstadt unterstützten in den vergangenen Tagen die Aufräumarbeiten in Ahrbrück und Kreuzberg (Rheinland-Pfalz)
_cThomas Gutke
264 _c2021
653 _aFrankfurt (Oder)
653 _aFeuerwehr
773 _dFrankfurt (Oder): Märkisches Verlags- und Druckhaus GmbH & Co KG
_g32. Jahrgang (2021) Nr. 189 vom 16.08.2021, S. 13: Foto
_tMärkische Oderzeitung
942 _cA